000 00280nam a2200109Ia 4500
008 200302s9999 xx 000 0 und d
100 _aWilliam S. W. Lim
245 _aPublic space in urban Asia
260 _bWorld Scintific Publishing Co. Pvt. Ltd
260 _c2014
300 _a271
999 _c5906
_d5906